LEADER 01290oam 2200385Ka 450 001 9910699059303321 005 20100113082131.0 035 $a(CKB)5470000002399292 035 $a(OCoLC)497207103 035 $a(EXLCZ)995470000002399292 100 $a20100112d2006 ua 0 101 0 $aspa 135 $aurcn||||||||| 181 $ctxt$2rdacontent 182 $cc$2rdamedia 183 $acr$2rdacarrier 200 03$aLa respuesta del cerebro a la nicotina$b[electronic resource] 210 1$aRockville, MD :$cU.S. Dept. of Health and Human Services, National Institutes of Health, National Institute on Drug Abuse,$d2006. 215 $a1 online resource (2 unnumbered pages) $ccolor illustrations 225 1 $aPublicacio?n NIH ;$vno. 06-4248 (S) 225 1 $aMind over matter 300 $aTitle from PDF title screen (viewed on Jan. 12, 2010). 517 1 $aExplorando la mente 606 $aNicotine addiction 606 $aBrain$xEffect of drugs on 615 0$aNicotine addiction. 615 0$aBrain$xEffect of drugs on. 712 02$aNational Institute on Drug Abuse. 801 0$bGPO 801 1$bGPO 801 2$bGPO 906 $aBOOK 912 $a9910699059303321 996 $aLa respuesta del cerebro a la nicotina$93498724 997 $aUNINA LEADER 04445oas 22014893a 450 001 9910626004903321 005 20260127110048.0 011 $a1558-2353 035 $a(DE-599)ZDB2034316-4 035 $a(OCoLC)60638473 035 $a(CONSER) 2005212494 035 $a(CKB)954925599641 035 $a(DE-599)2034316-4 035 $a(EXLCZ)99954925599641 100 $a20050615b19932005 sy a 101 0 $aeng 135 $aurun||||||||| 181 $ctxt$2rdacontent 182 $cc$2rdamedia 183 $acr$2rdacarrier 200 10$aIEEE transactions on speech and audio processing $ea publication of the IEEE Signal Processing Society 210 $aNew York, NY $cInstitute of Electrical and Electronics Engineers 300 $aRefereed/Peer-reviewed 311 08$a1063-6676 517 3 $aInstitute of Electrical and Electronics Engineers transactions on speech and audio processing 517 3 $aTransactions on speech and audio processing 517 3 $aSpeech and audio processing 531 0 $aIEEE trans. speech audio process. 606 $aSpeech processing systems$vPeriodicals 606 $aElectro-acoustics$vPeriodicals 606 $aSignal processing$xDigital techniques$vPeriodicals 606 $aAuditory Perception 606 $aElectronic Data Processing 606 $aSignal Processing, Computer-Assisted 606 $aSound 606 $aSpeech 606 $aSpeech Perception 606 $aE?lectroacoustique$vPe?riodiques 606 $aTraitement du signal$xTechniques nume?riques$vPe?riodiques 606 $aTraitement automatique de la parole$vPe?riodiques 606 $aPerception auditive 606 $aInformatique 606 $aSon 606 $aParole 606 $aPerception de la parole 606 $aDiscours 606 $acomputer science$2aat 606 $adata processing$2aat 606 $asound (acoustics)$2aat 606 $aspeeches (documents)$2aat 606 $aspeeches (compositions)$2aat 606 $aspeech (communication function)$2aat 606 $aElectro-acoustics$2fast$3(OCoLC)fst00906339 606 $aSignal processing$xDigital techniques$2fast$3(OCoLC)fst01118285 606 $aSpeech processing systems$2fast$3(OCoLC)fst01129243 606 $aAkoestiek$2gtt 606 $aComputermethoden$2gtt 606 $aSpraakherkenning$2gtt 608 $aPeriodical. 608 $aPeriodicals.$2fast 608 $aPeriodicals.$2lcgft 615 0$aSpeech processing systems 615 0$aElectro-acoustics 615 0$aSignal processing$xDigital techniques 615 2$aAuditory Perception. 615 2$aElectronic Data Processing. 615 2$aSignal Processing, Computer-Assisted. 615 2$aSound. 615 2$aSpeech. 615 2$aSpeech Perception. 615 6$aE?lectroacoustique 615 6$aTraitement du signal$xTechniques nume?riques 615 6$aTraitement automatique de la parole 615 6$aPerception auditive. 615 6$aInformatique. 615 6$aSon. 615 6$aParole. 615 6$aPerception de la parole. 615 6$aDiscours. 615 7$acomputer science. 615 7$adata processing. 615 7$asound (acoustics) 615 7$aspeeches (documents) 615 7$aspeeches (compositions) 615 7$aspeech (communication function) 615 7$aElectro-acoustics. 615 7$aSignal processing$xDigital techniques. 615 7$aSpeech processing systems. 615 17$aAkoestiek. 615 17$aComputermethoden. 615 17$aSpraakherkenning. 676 $a621 712 02$aIEEE Signal Processing Society 801 0$bOCLCS 801 1$bOCLCS 801 2$bNSD 801 2$bOCLCF 801 2$bGPM 801 2$bOCLCO 801 2$bVT2 801 2$bOCLCA 801 2$bOCL 801 2$bOCLCQ 801 2$bOCLCO 801 2$bOCLCQ 801 2$bZ5A 801 2$bOCLCO 801 2$bOCLCA 801 2$bU3W 801 2$bOCLCO 801 2$bEZC 801 2$bOCLCO 801 2$bAU@ 801 2$bOCLCO 801 2$bWYU 801 2$bUKMGB 801 2$bAUD 801 2$bOCLCQ 801 2$bOCLCO 801 2$bOCLCQ 801 2$bOCLCL 801 2$bS2H 801 2$bOCLCQ 906 $aJOURNAL 912 $a9910626004903321 996 $aIEEE transactions on speech and audio processing$92577242 997 $aUNINA